000 00457nam a22001697a 4500
005 20180821124901.0
008 160503b xxu||||| |||| 00| 0 eng d
020 _a81-203-2511-7
041 _aeng
082 _b1173
_a658.4012
100 _aHunger David J. AND Thomas, Wheeten L
_94849
245 _aEssentials of Strategic Management.
260 _aNew Delhi
_bPrentice hall of India,
_c2003
300 _a191p,
650 _aManagement
_9241
942 _cBK
999 _c465
_d465